01335nam a2200205ui 4500001001900000003000600019008004100025020001800066035002400084040004000108041001200148245007800160264003100238520069800269650001900967650001800986942000801004952010201012999001501114991026789787807026UkOxU240411s2024 enk|||| | |||| ||eng d a9780711292529 a(StEdALDL)1/4426392 aStEdALDLbengerdacStEdALDLdUkOxU aEnglish00aPart-time baker b: simple bakes without the stress c/ Florence Stanton. 1aLondon :bCarnival,c2024. aNo time, but love to bake? Go part-time with these quick and easy recipes. Florence Stanton (@Tasting.Thyme) proves that you can find time to bake and enjoy delicious treats no matter what life throws at you. Forget hours spent in the kitchen following complex instructions! In Part-Time Baker, each recipe is clearly labelled with ‘Hands-on time’ and ‘Total time’ – to make it crystal clear how much effort you’ll need to put in. Many of the bakes can be prepped in just 10 minutes and there are plenty of cheats and tips for impressive results. There’s no need for loads of obscure baking equipment and all the recipes can be scaled up for sharing or down for enjoying solo. 0aCookery925759 0aBaking925760 2lcc 00102lcc4070aTBSbTBSd2025-08-26l0oTX765 STAr2025-08-26t1w2025-08-26y1zSOON AVAILABLE c4862d4862